Colorful Musical Acts - Statistics

General Stats
  • This quiz has been taken 775 times
    185 since last reset
  • The average score is 11 of 16
Answer Stats
Song Musical Act % Correct
Just Give Me A Reason P!nk
99%
Moves Like Jagger Maroon 5
95%
Boulevard of Broken Dreams Green Day
94%
I Got A Feeling Black Eyed Peas
90%
Another Brick in the Wall Pink Floyd
88%
Seven Nation Army The White Stripes
86%
Paranoid Black Sabbath
76%
Under the Bridge Red Hot Chili Peppers
71%
Smoke On The Water Deep Purple
68%
(Don't Fear) The Reaper Blue Öyster Cult
63%
How You Like That Blackpink
62%
I Feel Good James Brown
56%
Sunshine of Your Love Cream
52%
Let's Stay Together Al Green
43%
Forget You CeeLo Green
42%
If You Don't Know Me by Now Simply Red
36%
No matching quizzes found
Score Distribution
Percent of People with Each Score
Percentile by Number Answered
Your Score History
You have not taken this quiz since the last reset